000 00701nam a2200229Ii 4500
003 JO-AjNU
005 20240629075510.0
008 230605s9999||||xx |||||||||||||| ||und||
017 _a2005/6/1394
040 _aJO-AjNU
_bara
_erda
_cJO-AjNU
041 _aara
050 1 4 _aPJ7860.A22.M32 2006
100 3 _aتأليف الربابعة، حسن محمد ,
_eauthor
_950287
245 0 0 _aمداد السيوف: ديوان شعر
264 3 1 _aالكرك:المؤلف،2005
300 _a84ص
336 _atext
_btxt
_2rdacontent
337 _aunmediated
_bn
_2rdamedia
338 _avolume
_bnc
_2rdacarrier
650 4 _aالشعر العربي - العصر الحديث
_950288
942 _2lcc
_cBK
999 _c25710
_d25710